• 首页
  • 本馆介绍
  • 公告通知
  • 最新文献
  • 馆藏检索
  • 电子资源
  • 读者导购
  • 参考咨询
  • 我的图书馆
  • 登录
  • 详细信息显示
  • 放入我的书架
  • 预约/预借图书
  • 作者相关作品
  • 分类相关作品
  • 丛书相关作品
  • 出版社相关作品

书目信息

  • 表格格式
  • 工作单格式
  • 卡片格式
题名:
煤基纳米和微米炭材料的电弧法制备研究
    
 
作者: 李永峰 著
分册:  
出版信息: 大连   大连理工大学出版社  2013
页数: 14,174页
开本: 23cm
丛书名:
单 册:
中图分类: O632 , TQ536.3
科图分类:
主题词: 烯烃--炭素材料--电弧--材料制备--研究
电子资源:
ISBN: 978-7-5611-8161-4
000 01263nam0 2200265 450
001 012015000041
005 20150914154626.82
010    @a978-7-5611-8161-4@dCNY45.00
100    @a20140429d2013 em y0chiy50 ea
101 0  @achi@deng@eeng
102    @aCN@b210000
105    @ay z 001yy
106    @ar
200 1  @a煤基纳米和微米炭材料的电弧法制备研究@Amei ji na mi he wei mi tan cai liao de dian hu fa zhi bei yan jiu@dSynthesis of nanocarbons and microcarbons from coal by arc discharge method@f李永峰著@zeng
210    @a大连@c大连理工大学出版社@d2013
215    @a14,174页@d23cm
300    @a大连理工大学学术文库 本书由大连市人民政府资助出版
330    @a本书以廉价碳源——煤炭为原料,采用等离子电弧放电法较系统地开展了煤基纳米炭素材料的制备研究,成功制备得到了富勒烯和多种结构形态的碳纳米管;研究了煤基纳米炭材料的微观形貌及其生长机理,同时探讨了在催化剂和等离子体电弧辅助条件下热解烃类气体,以煤基炭棒为基体制备微米炭材料的技术途径。
510 1  @aSynthesis of nanocarbons and microcarbons from coal by arc discharge method@zeng
606 0  @a烯烃@x炭素材料@x电弧@x材料制备@x研究
690    @aO632@v5
690    @aTQ536.3@v5
701  0 @a李永峰@Ali yong feng@f(1976.1-)@4著
801  0 @aCN@b碧洲教育@c20150716
905    @a10447@f4@dO632@e87
    
    煤基纳米和微米炭材料的电弧法制备研究=Synthesis of nanocarbons and microcarbons from coal by arc discharge method/李永峰著.-大连:大连理工大学出版社,2013
    14,174页;23cm
    大连理工大学学术文库 本书由大连市人民政府资助出版
    
    ISBN 978-7-5611-8161-4:CNY45.00
    本书以廉价碳源——煤炭为原料,采用等离子电弧放电法较系统地开展了煤基纳米炭素材料的制备研究,成功制备得到了富勒烯和多种结构形态的碳纳米管;研究了煤基纳米炭材料的微观形貌及其生长机理,同时探讨了在催化剂和等离子体电弧辅助条件下热解烃类气体,以煤基炭棒为基体制备微米炭材料的技术途径。
●
相关链接 在E读中查询图书 在五车中查询图书 在当当中查询图书 在豆瓣中查询图书


正题名:煤基纳米和微米炭材料的电弧法制备研究     索取号:O632/87         预约/预借

序号 登录号 条形码 馆藏地/架位号 状态 备注
1 0870836   208708362   第二样本阅览室/ [索取号:O632/87] 在馆    
2 0870837   208708371   第三借阅区/ [索取号:O632/87] 在馆    
3 0870838   208708380   第三借阅区/ [索取号:O632/87] 在馆    
4 0870839   208708399   第三借阅区/ [索取号:O632/87] 在馆    
唐山师范学院图书馆 欢迎您!
大连网信软件有限公司© 版权所有